000 00579nam a2200229Ia 4500
003 OSt
005 20220918194653.0
006 a|||||r|||| 00| 0
007 ta
008 220917b |||||||| |||| 00| 0 eng d
024 _a80,866
037 _cTextual
040 _aARTS
_cARTS
_beng
041 _2eng
_aeng
082 _aS:7, K62-;1 (SD)
100 _aSpielberger Charles D ed
245 0 _aAnxiety and behavior
260 _c1962
650 _aPSYCHOLOGY
942 _hS:7, K62-;1 (SD)
_cTEXL
_2CC
999 _c204588
_d204588